00798nam a22002177a 450000500170000001000150001702000260003203500140005803700090007208200140008110000240009524500560011925000060017526000490018127001090023030000190033950000330035894200280039199900190041995201420043820240614125800.0 aENG-140619 c595.00a9789357050166 aEN-124151 bDBAD a340.1124 aBhardwaj, AP967527 a2023-2024 Legal Aptitude Workbook/cBy AP Bhardwaj  a4 aNoidabPearson India Education Pvt Ltdc2024 a1st Floor, Berger Tower, Plot No. C-001/2, Sector 16BbNoidae201301mcompanysecretary.india@pearson.com avp.c25cm(pbk) aFor Law Entrances (UG & PG)  2ddccENh340.11mBHAe4 c203610d203610 001040708NFICaLbLd2024-06-14eDBADg595.00l7m1o340.11 BHApEN-124151r2026-04-04 07:04:21s2026-03-24t1v595.00w2024-06-14yEN